| 000 | 00753cam a22001934a 4500 | ||
|---|---|---|---|
| 005 | 20250605164135.0 | ||
| 008 | 250528s ||||||||||||||||||||||||d | ||
| 035 | _a18746 | ||
| 020 | _a853451583 | ||
| 040 |
_aGR-AtMCL _bgre _dGR-AtMCL _eAACR2 |
||
| 245 | 1 | _aMarxist Economic Theory / Volume Two | |
| 260 |
_bThe Merlin Press, _c1971 |
||
| 300 | _a414 | ||
| 520 | _aThe best introduction to date to the economic theory of Marx. Monopoly Capitalism, Imperialism, The Epoch of Capitalist Decline, The Soviet Economy, The Economy of the Transition Period, Socialist Economy, Origin and Rise and Withering Away of Political Economy, Bibliography, Index. | ||
| 700 | 1 |
_aMandel Ernest _94999 |
|
| 942 | _cBK | ||
| 999 |
_c4064 _d4064 |
||